| 000 | 00774cam a22002534a 4500 | ||
|---|---|---|---|
| 001 | 13764299 | ||
| 005 | 20161231100216.0 | ||
| 008 | 041028t20052003miua b s001 0 eng | ||
| 020 | _a9780670043705 | ||
| 040 | _cPK-LaUMT | ||
| 082 | 0 | 0 |
_a616.0472 _222 _bMAI-B |
| 100 | 1 | _aMailis-Gagnon, Angela | |
| 245 | 1 | 0 |
_aBeyond pain : _bmaking the mind-body connection / _cAngela Mailis-Gagnon and David Israelson ; with a foreword by Oliver Sacks. |
| 260 |
_aLondon : _bViking Canada, _c2003 |
||
| 300 |
_axiv, 274 p. : _bill. ; _c24 cm. |
||
| 500 | _aOriginally published: Viking Canada, c2003. | ||
| 650 | 0 | _aPain. | |
| 650 | 0 | _aMind and body. | |
| 650 | 1 | 2 | _aPain |
| 650 | 2 | 2 | _aChronic Disease |
| 650 | 2 | 2 |
_aPain _xpsychology |
| 700 | 1 | _aIsraelson, David. | |
| 942 | _cBK | ||
| 999 |
_c89595 _d89595 |
||